书目信息 |
| 题名: |
高频电子线路设计
|
|
| 作者: | 高吉祥 主编 | |
| 分册: | ||
| 出版信息: | 北京 电子工业出版社 2007.05 |
|
| 页数: | 278页 | |
| 开本: | 24cm | |
| 丛书名: | 全国大学生电子设计竞赛培训系列教程 | |
| 单 册: | ||
| 中图分类: | TN710.2 | |
| 科图分类: | ||
| 主题词: | 高频--gao pin--电子电路--电路设计--技术培训--教材 | |
| 电子资源: | ||
| ISBN: | 978-7-121-04288-1 | |
| 000 | 01222nam 2200253 450 | |
| 001 | 012008010302 | |
| 005 | 20080114162434.12 | |
| 010 | @a978-7-121-04288-1@dCNY27.00 | |
| 100 | @a20080114d2007 em y0chiy0120 ea | |
| 101 | 0 | @achi |
| 102 | @aCN@b110000 | |
| 105 | @aa z 000yy | |
| 106 | @ar | |
| 200 | 1 | @a高频电子线路设计@Agao pin dian zi xian lu she ji@f高吉祥主编@Fgao ji xiang zhu bian |
| 210 | @a北京@c电子工业出版社@d2007.05 | |
| 215 | @a278页@c图@d24cm | |
| 225 | 2 | @a全国大学生电子设计竞赛培训系列教程@Aquan guo da xue sheng dian zi she ji jing sai pei xun xi lie jiao cheng |
| 330 | @a本书是针对全国大学生电子设计竞赛的特点和需要,为高等院校电子信息工程、通信工程、自动化、电气控制类专业学生而编写的系列培训教材之三——高频电子线路设计。全书 共分4章,内容包括:高频电子线路设计基础(频谱变换电路、数字调制与解调电路、频率合 成技术、功率合成技术、宽频带技术及无线电发射与接收设备)、无线电发射机的设计、无线电接收机的设计及无线电收发系统的设计。 | |
| 410 | 0 | @12001 @a全国大学生电子设计竞赛培训系列教程 |
| 606 | 0 | @a高频@Agao pin@x电子电路@x电路设计@x技术培训@j教材 |
| 690 | @aTN710.2@v4 | |
| 701 | 0 | @a高吉祥@Agao ji xiang@4主编 |
| 801 | 0 | @aCN@bQSSK@c20080114 |
| 905 | @b278749-53@dTN710.2@eG147@f5 | |
| 高频电子线路设计/高吉祥主编.-北京:电子工业出版社,2007.05 |
| 278页:图;24cm.-(全国大学生电子设计竞赛培训系列教程) |
| ISBN 978-7-121-04288-1:CNY27.00 |
| 本书是针对全国大学生电子设计竞赛的特点和需要,为高等院校电子信息工程、通信工程、自动化、电气控制类专业学生而编写的系列培训教材之三——高频电子线路设计。全书 共分4章,内容包括:高频电子线路设计基础(频谱变换电路、数字调制与解调电路、频率合 成技术、功率合成技术、宽频带技术及无线电发射与接收设备)、无线电发射机的设计、无线电接收机的设计及无线电收发系统的设计。 |
| ● |
| 相关链接 |
|
|
|
正题名:高频电子线路设计
索取号:TN710.2/G147
 
预约/预借
| 序号 | 登录号 | 条形码 | 馆藏地/架位号 | 状态 | 备注 |
| 1 | 278749 | 202787494 | 自科库301/301自科库 23排4列4层/ [索取号:TN710.2/G147] | 在馆 | |
| 2 | 278750 | 202787500 | 自科库301/301自科库 23排4列4层/ [索取号:TN710.2/G147] | 在馆 | |
| 3 | 278751 | 202787519 | 自科库301/301自科库 23排4列4层/ [索取号:TN710.2/G147] | 在馆 | |
| 4 | 278752 | 202787528 | 自科库301/301自科库 31排2列2层/ [索取号:TN710.2/G147] | 在馆 | |
| 5 | 278753 | 202787537 | 自科库301/301自科库 31排2列2层/ [索取号:TN710.2/G147] | 在馆 |